Top 10 Companies by Market Cap - Statistics

General Stats
  • This quiz has been taken 26 times
  • The average score is 6 of 10
Answer Stats
Rank Country Market Cap Company % Correct
4 USA 4.268 T Microsoft
87%
2 USA 6.439 T Alphabet
83%
3 USA 6.254 T Apple
83%
1 USA 7.187 T NVIDIA
83%
5 USA 3.941 T Amazon
78%
9 USA 2.248 T Tesla
74%
10 USA 2.146 T Meta
52%
6 Taiwan 2.953 T TSMC
39%
8 Saudi Arabia 2.483 T Saudi Aramco
26%
7 USA 2.759 T Broadcom
17%
No matching quizzes found
Score Distribution
Percent of People with Each Score
Percentile by Number Answered
Your Score History
You have not taken this quiz